| 000 | 00998nam a22002897a 4500 | ||
|---|---|---|---|
| 001 | BR9213335 | ||
| 003 | BR-BrBNA | ||
| 005 | 20230928095106.0 | ||
| 007 | ta | ||
| 008 | 230509b bl.||||| |||| 00| 0 por d | ||
| 040 |
_aBR-BrBNA _bpor _cBiblioteca Nacional de Agricultura |
||
| 041 | _a(Por) | ||
| 072 |
_aF04; P34 _b2110 _b3920 |
||
| 090 | _ 2110 BR9213335 | ||
| 100 | 1 | _aBarbosa, R.C.M. | |
| 110 | 1 |
_aEscola Superior de Agricultura Luiz de Queiroz, Piracicaba, SP (Brasil) _0Tese (Doutor em Agronomia) |
|
| 245 | 1 | _aEficiencia do fosfato de aluminio "Jandia" no desenvolvimento do cacaueiro, na presenca e ausencia da calagem e de fungos endomicorrizos vesiculo-arbusculares | |
| 260 | 3 |
_aPiracicaba, SP (Brasil): _c1992. |
|
| 300 | _a156 p. | ||
| 500 | _a20 illus.; 24 tables; Bibliography p. 127-146 (138 ref.); Summaries (Eng, Por) | ||
| 650 | _aCacau | ||
| 650 | _aFosfato | ||
| 650 | _aCalagem | ||
| 650 | _aMicorriza | ||
| 909 |
_a202309 _bLucia _c55 _dLucia Elande |
||
| 942 | _cBK | ||
| 999 |
_c54477 _d54477 |
||